000 00606nam a22002297a 4500
003 UA-OsUOA
001 87111
007 ta
008 20120914b un ||||| |||| 00| 0 ukr d
100 _aЭйхенбаум Б.
090 _a82.09
_bЭ34
942 _cBK
040 _aUA-OsUOA
_brus
_cUA-OsUOA
_dUA-OsUOA
245 _aЛев Толстой
300 _a294 с.
955 _a4
041 _arus
080 _a82.09
260 _aЛенинград
_bСоветский писатель
_c1960
650 7 _a82 Література. Літературознавство
_2UDC
999 _c373398
_d373398